| 000 | 01049nam a22003137a 4500 | ||
|---|---|---|---|
| 003 | CHAP | ||
| 005 | 20220329140630.0 | ||
| 008 | 971013s1966 r 00010 d | ||
| 010 | _a55057 | ||
| 011 | _a56029 | ||
| 035 | _a60182 | ||
| 040 | _cCHAP | ||
| 090 | _aTesis | ||
| 100 | 0 | 0 |
_aSepúlveda de León, Gerardo. _9104476 |
| 245 | _aEstudio preliminar sobre la familia polyporaceae en algunas localidades de la Sierra Madre Oriental en Nuevo León | ||
| 260 |
_aMonterrey, N.L. : _bEl autor, _c1966 |
||
| 300 |
_a55 h. _b: ilus. |
||
| 502 | _aTesis (Biólogo) -- Univ. de Nuevo León. Esc. Nal. de Ciencias Biológicas | ||
| 590 |
_aALEPH _b10 _c20130110 _lUCH01 _h1333 |
||
| 590 |
_aBATCH-UPD _b10 _c20130110 _lUCH01 _h2303 |
||
| 590 |
_aBATCH-UPD _b10 _c20130410 _lUCH01 _h1555 |
||
| 590 |
_aBATCH-UPD _b10 _c20130914 _lUCH01 _h1721 |
||
| 590 |
_aCONVERSION _b10 _c20130109 _lUCH01 _h1330 |
||
| 650 | 1 | 4 |
_aBasidiomicetos. _910701 |
| 650 | 1 | 4 |
_aPolygalaceas. _990738 |
| 901 | _aBK | ||
| 942 | _cTESIS | ||
| 949 |
_bBC _cTES _d-129809 _eTS1 _i60182 _si |
||
| 999 |
_c55057 _d55057 |
||